000 00336nam a2200133Ia 4500
008 220204s9999 xx 000 0 und d
020 _a817771394
082 _a347.78
_bNAR
100 _aNarayanan, P
245 0 _aLaw of copyright and industrial designs
250 _aEd.3
260 _aKolkata
_bEastern Law House
_c2002
942 _cBK
999 _c42078
_d42078